Cities and landscapes of Italy by image - Statistics

General Stats
  • This quiz has been taken 38 times
  • The average score is 19 of 36
Answer Stats
Picture Answer % Correct
Venezia/Venice
97%
Milan/Milano
92%
Pisa
92%
Florence/Firenze
81%
Pompeii/Pompei
81%
Rome/Roma
81%
Naples/Napoli
78%
Siena
78%
Turin/Torino
75%
Cinque Terre
69%
Mount Etna/Etna
67%
Bologna
58%
Monza
58%
Dolomites/Dolomiti
56%
Monte Bianco/Mont Blanc
56%
Verona
56%
Genoa/Genova
53%
Bari
50%
Palermo
50%
Trieste
47%
Como Lake/Lago di Como
44%
Matera
44%
Syracuse/Siracusa
36%
Valley of the Temples/Valle dei Templi
36%
Alberobello
33%
Amalfi Coast/Costiera Amalfitana
33%
Assisi
33%
Lake Maggiore/Lago Maggiore
33%
Capri
31%
Padua/Padova
31%
Ravenna
31%
San Gimignano
28%
Ferrara
25%
Lake Garda/Lago di Garda
22%
Mantova/Mantua
17%
Costa Smeralda
14%
No matching quizzes found
Score Distribution
Percent of People with Each Score
Percentile by Number Answered
Your Score History
You have not taken this quiz